00618nam a2200169Ia 4500008004100000100001500041245009200056245005700148260003000205260000900235300001000244650001800254650001500272856006900287999001900356952007300375170221s9999 xx 000 0 und d aTian, Jie. aCross-Layer Assisted Power and Rate Control for Video Transmission in Wireless Networks cJie Tian, Haixia Zhang, Dalei Wu, and Dongfeng Yuan. bJournal of Communications c2015 a8 : 2 xCommunication xMedia Arts uhttp://www.jocm.us/index.php?m=content&c=index&a=lists&catid=158 c308683d308683 001040aCLbCLd2017-02-21l0r2017-02-21 00:00:00w2017-02-21yFOJ